000 00451nam a2200169 i 4500
001 bg
100 1 _aBORSUK, Stanisław
245 0 _aEkonomiczne problemy ochrony wód jeziornych /
_cS. Borsuk, M. Ramczyk, J. Wiśniewski.
260 _aToruń,
_c1991.
700 1 _aRAMCZYK, Marek A.
700 1 _aWIŚNIEWSKI, Jerzy W.
040 _cBPK
041 _apol
080 _a504:556:639
942 _cKS
008 s pl f |000 0 pol
999 _c29634
_d29634
856 _uhttp://koha.tu.koszalin.pl/cgi-bin/koha/opac-detail.pl?biblionumber=29634
_yKatalog online BPK